000
00297nam a2200109Ia 4500
008
190919s9999||||xx |||||||||||||| ||und||
100
_a
Patrick .McKeown
245
0
_a
Information technology and the Networked Economy
260
_a
New York
_b
Tata McGraw Hill
_c
2000
300
_a
975
942
_c
BK
999
_c
10409
_d
10409